| 000 | 00614cab a2200205 4500 | ||
|---|---|---|---|
| 001 | ABS45196 | ||
| 008 | 090401t1991 xxu||||| |||| 00| 0 eng d | ||
| 035 | _a(Sirsi) u51463 | ||
| 041 | _aeng | ||
| 245 | _aWeather to build | ||
| 260 | _c1991 | ||
| 350 | _a0 | ||
| 490 |
_aCivil Engineering Surveyor _v16(8) October 1991, 11(1) |
||
| 520 | _aReviews the Met Office`s SiteWise package of weather forecasting and consultancy services aimed at the construction industry. | ||
| 650 | _aCONSTRUCTION SITES | ||
| 650 | _aWEATHER FORECASTING | ||
| 690 | _aBUILT ENVIRONMENT | ||
| 942 | _n0 | ||
| 948 | _c04/03/1997 | ||
| 999 |
_c31955 _d31955 |
||